| 000 | 00328nam a2200121Ia 4500 | ||
|---|---|---|---|
| 008 | 230907s9999||||xx |||||||||||||| ||und|| | ||
| 082 |
_a5.369 _bPAR |
||
| 100 |
_aParsons, June Jamrich _994445 |
||
| 245 | 0 | _aMicrosoft office 2013 try it! / | |
| 260 |
_aCengage Learning, _bBoston : _c2015 |
||
| 300 | _avi, 238 p. : | ||
| 942 | _cBK | ||
| 999 |
_c600926 _d600926 |
||